Citations My Hero Academia Français - Statistiques

Statistiques générales
  • Ce quiz a été pris 626 fois
  • Le résultat moyen est 9 sur 20
Statistiques - réponses
Citations Réponse % Correct
"Tu peux être un héro" All Might
100%
"Je serai pas juste le numéro un... J'aurai la première place, loin devant les autres !" Katsuki Bakugo
93%
"SHOTOOOOOOOOO!!!!!!!!!!" Endeavor
92%
"Perdre n'est pas une option" Shoto Todoroki
67%
"Tout ira bien, car je suis là." All For One
55%
"Je veux être sauvée" Eri
55%
"Je ne le permettrai pas...! Même si cette fatalité est écrite ! Je plierai le destin !!" Izuku Midoriya
54%
"Sans joie ni rire pour contrebalancer la peine, le monde ne pourra jamais espérer connaître un avenir brillant." Mirio Togata
48%
"C'est face à la mort qu'un homme se dévoile" Stain
48%
"Vous autres, avec vos alters parfaits, rien ne vous est impossible. Vous ne saurez jamais ce que ressentent les types comme moi !!" Hitoshi Shinso
47%
"Les regrets, les échecs, ca fait partit de la vie. L'important, c'est ce que l'on fait après Sir NightEye
45%
"All might... Je compte sur toi. " Nana Shimura
28%
"Si quelqu'un lève la main sur moi, je ressens le besoin de me purifier." Overhaul
28%
"Mes actes sont le reflet de mon âme" Tenya Iida
25%
"Quant à moi, j'esquive sans problème ta charge grâce à mes échasses hydrauliques !" Mei Hatsume
22%
"Ce n'est pas en broyant du noir que tu resplendira" Yuga Aoyama
21%
"Alors ce coup ci je vais gagner ! C'est ma dernière chance" Nejire Hado
10%
"J'enverrais un signal fort non seulement a vous, mais aussi a la société tout entière! Gentle Criminal
8%
"Choisis ta propre voix" Kyotoku Jiro
7%
"Je me dois de leur apprendre que ces méthodes souillent leurs âmes" Ibara Shiozaki
6%
Aucun quiz correspondant
Distribution des résultats
% des personnes avec chaque résultat
Percentile par nombre de réponses
Votre historique - résultats
Vous n’avez pas pris ce quiz